| 000 | 00848cam a2200217 4500 | ||
|---|---|---|---|
| 008 | 090401t1987 xxu||||| |||| 00| 0 eng d | ||
| 020 | _a0951266225 | ||
| 035 | _a(Sirsi) u11791 | ||
| 041 | _aeng | ||
| 050 | _a692.3 | ||
| 110 |
_aCo-ordinating Committee For Project Information _92751 |
||
| 245 | _aProject specification : a code of procedure for building works | ||
| 260 |
_aLondon _bBuilding Project Information Committee _c1987 |
||
| 300 | _a131p. ; 30cm. | ||
| 350 | _a1.25 | ||
| 490 | _aCo-ordinated Project Information | ||
| 520 | _aFormed on the recommendation of the Project Information Group . Sponsored by Association of Consulting Engineers , Building Employers Confederation , Royal Institute of British Architects Royal Institution of Chartered Surveyors . | ||
| 650 | _aSPECIFICATION | ||
| 942 | _n0 | ||
| 948 | _c04/03/1997 | ||
| 999 |
_c86915 _d86915 |
||